| 000 | 00000nam##2200000za#4500 |
| 001 | 9.640309 |
| 003 | CaOODSP |
| 005 | 20240212134143 |
| 007 | cr ||||||||||| |
| 008 | 150407|1998||||xxc|||||o f|0| 0 fre|d |
| 040 | |aCaOODSP|bfre |
| 043 | |an-cn--- |
| 086 | 1 |aNE23-76/1998F-PDF |
| 110 | 1 |aCanada. |bOffice national de l'énergie. |
| 245 | 10|aRapport d'étude approfondie relativement à Alliance Pipeline Ltd. pour le compte d'Alliance Pipeline Limited Partnership : |h[ressource électronique]|bdemande datée du 3 juillet 1997 |
| 246 | 1 |iTitre de renvoi : |aAlliance Pipeline Ltd. pour le compte d'Alliance Pipeline Limited Partnership : Projet de pipeline d'Alliance, GH-3-97 |
| 260 | |aCalgary - Alberta : |bOffice national de l'énergie |cSeptembre 1998. |
| 500 | |aLe nº de catalogue (NE23-76/1998F) et l'ISBN (0-662-83006-1) de l'édition imprimée ont été incorrectement copiés dans cette édition électronique. Ex. défectueux : les figures manquants. |
| 590 | |a12-21-Supp|b2012-05-18 |
| 691 | 07|aPipeline|2gcpds |
| 775 | 08|tComprehensive study report in the matter of Alliance Pipeline Ltd. on behalf of the Alliance Pipeline Limited Partnership : |w(CaOODSP)9.695981 |
| 856 | 40|ahttp://publications.gc.ca|qPDF|s943 Ko|uhttps://publications.gc.ca/collections/collection_2012/one-neb/NE23-76-1998-fra.pdf |
| 986 | |aGH-3-97 |